00481nam a2200181 a 4500001001300000003000900013005001700022008004100039020001000080082001600090100001900106245005800125260003100183300000900214500003500223650002200258700001900280nice12345678IN_TiNIC20260116012217.0070618s1971 kana grp 000 0 ara  ac10000a492.73bMOB aMobin, Maulana aMirat Ul Sharoh Maroof Ba Sharah Sallam Maulavi Mubin aKanpurbNo Publisherc1971 a368p aincludes index and biblioraphy aDictionary-Arabic1 aMobin, Maulana